| 000 | 00515nmm a2200169Ia 4500 | ||
|---|---|---|---|
| 008 | 251105s9999||||xx |||||||||||||||||und|| | ||
| 020 | _a9789587383706 | ||
| 041 | _aspa | ||
| 100 | _aGómez Cruz, Nelson Alfonso | ||
| 245 | 0 | _aVida artificial : ciencia e ingeniería de sistemas complejos | |
| 264 |
_a[Bogotá, Colombia] : _bUniversidad del Rosario, _c2013 |
||
| 300 | _a296 páginas | ||
| 490 | _aComplejidad | ||
| 650 | _aSciences | ||
| 856 | _uhttps://public.digitaliapublishing.com/a/46368 | ||
| 942 | _cCF | ||
| 999 |
_c95761 _d95761 |
||